000 00497nam a2200157Ia 4500
008 100122s9999 xx 000 0 und d
082 _b45813
_a521
100 _aलाड भा बा
245 _aकहाणी विश्वरचनेची
250 _a2
260 _bपृथ्वी प्रकाशन
_c1991
300 _a208
630 _aकहाणी विश्वरचनेची
730 _aकहाणी विश्वरचनेची
942 _cBOOK
999 _c425133
_d425130